[Event "Menorca op 3rd"]
[Site "Ciutadella de Menorca"]
[Date "2024.04.06"]
[Round "8"]
[White "Pranav, V."]
[Black "Lamard, Guillaume"]
[Result "1-0"]
[WhiteElo "2604"]
[BlackElo "2495"]
[PlyCount "145"]
[EventDate "2024.04.02"]
[EventType "swiss"]
[EventRounds "9"]
[EventCountry "ESP"]
[SourceTitle "CB15_2024"]
[SourceDate "2024.04.10"]
[SourceVersion "1"]
[SourceVersionDate "2024.04.10"]
[SourceQuality "1"]

1. Nf3 d5 2. g3 e6 3. Bg2 Nf6 4. 0-0 Be7 5. d3 0-0 6. Nbd2 c5 7. e4 Nc6 8. Re1 h6 9. e5 Nd7 10. Nf1 b6 11. h4 f6 12. exf6 Nxf6 13. Bf4 Ng4 14. c3 Rxf4 15. gxf4 Qf8 16. Qa4 Bd7 17. f5 Nge5 18. Nxe5 Nxe5 19. Qd1 Qxf5 20. Ne3 Qf4 21. Nxd5 exd5 22. Bxd5+ Kh8 23. Bxa8 Bxh4 24. Qh5 Bxf2+ 25. Kh1 Bxe1 26. Rxe1 Nf7 27. Qh2 Qf6 28. Qb8+ Kh7 29. Be4+ Bf5 30. Qf4 Bxe4+ 31. Qxe4+ Kg8 32. d4 cxd4 33. cxd4 Ng5 34. Qd5+ Kh7 35. Kg2 Qf4 36. Rf1 Qg4+ 37. Kf2 h5 38. Ke3 Qg3+ 39. Kd2 h4 40. Qf5+ Kh6 41. Rf4 Kh5 42. Qf8 h3 43. Qe8+ Kh6 44. Qe3 Qg2+ 45. Kd3 Qc6 46. Qe5 Qg6+ 47. Ke3 Qc6 48. d5 Qc1+ 49. Kd3 Qd1+ 50. Kc3 Qc1+ 51. Kb3 Qd1+ 52. Ka3 Qd3+ 53. b3 Qd2 54. Rh4+ Kg6 55. Qe8+ Kf6 56. Qc6+ Kf5 57. d6 Qa5+ 58. Ra4 Qd2 59. d7 h2 60. Rh4 Ne6 61. Qf3+ Kg6 62. Qh5+ Kf6 63. Rxh2 Qd6+ 64. Kb2 Qd4+ 65. Kb1 Qd3+ 66. Rc2 g6 67. Qh8+ Kf5 68. Qc3 Qxd7 69. Rf2+ Kg4 70. Qf3+ Kg5 71. Qf6+ Kh5 72. Rh2+ Kg4 73. Rg2+ 1-0

[Event "San Vicente op 8th"]
[Site "San Vicente"]
[Date "2024.03.29"]
[Round "4"]
[White "Lamard, Guillaume"]
[Black "Dotzer, Lukas"]
[Result "1-0"]
[WhiteElo "2483"]
[BlackElo "2338"]
[PlyCount "44"]
[EventDate "2024.03.27"]
[EventType "swiss"]
[EventRounds "9"]
[EventCountry "ESP"]
[SourceTitle "CB14_2024"]
[SourceDate "2024.04.01"]
[SourceVersion "1"]
[SourceVersionDate "2024.04.01"]
[SourceQuality "1"]

1. Nf3 Nf6 2. g3 d5 3. Bg2 e6 4. 0-0 Be7 5. c4 0-0 6. d4 c6 7. Nc3 a5 8. b3 Nbd7 9. Bf4 b6 10. cxd5 Nxd5 11. Qc2 Ba6 12. Bd2 Rc8 13. Rfe1 Nxc3 14. Bxc3 c5 15. Qb2 cxd4 16. Bxd4 Bf6 17. Rad1 Bxd4 18. Nxd4 Qf6 19. Rd2 e5 20. Nc6 Rxc6 21. Rxd7 Rd6 22. Rd1 Rxd1+ 1-0

[Event "San Vicente op 8th"]
[Site "San Vicente"]
[Date "2024.03.28"]
[Round "3"]
[White "Alshameary Puente, Ismael"]
[Black "Lamard, Guillaume"]
[Result "0-1"]
[WhiteElo "2336"]
[BlackElo "2483"]
[PlyCount "66"]
[EventDate "2024.03.27"]
[EventType "swiss"]
[EventRounds "9"]
[EventCountry "ESP"]
[SourceTitle "CB14_2024"]
[SourceDate "2024.04.01"]
[SourceVersion "1"]
[SourceVersionDate "2024.04.01"]
[SourceQuality "1"]

1. d4 Nf6 2. c4 e6 3. Nc3 Bb4 4. e3 0-0 5. Bd2 d5 6. Nf3 b6 7. cxd5 exd5 8. Bd3 Bd6 9. 0-0 Re8 10. Rc1 c5 11. Nb5 Bf8 12. Ne5 Bb7 13. f4 Nc6 14. Be1 a6 15. Nc3 cxd4 16. Nxc6 Bxc6 17. exd4 Qd7 18. Qc2 Ne4 19. Bf2 Bb5 20. Nxb5 axb5 21. Qb3 b4 22. Rc2 Qd6 23. Re2 g6 24. f5 Bg7 25. Be3 Ra7 26. Kh1 Rae7 27. Bb5 Rc8 28. Bf4 Qxf4 29. Rxf4 Rc1+ 30. Re1 Rxe1+ 31. Rf1 Nd2 32. Qxd5 Nxf1 33. Qd8+ Re8 0-1

[Event "Cappelle op 40th"]
[Site "Cappelle la Grande"]
[Date "2024.03.02"]
[Round "1"]
[White "Cappon, John"]
[Black "Lamard, Guillaume"]
[Result "1/2-1/2"]
[WhiteElo "2072"]
[BlackElo "2483"]
[PlyCount "75"]
[EventDate "2024.03.02"]
[EventType "swiss"]
[EventRounds "9"]
[EventCountry "FRA"]
[SourceTitle "CB11_2024"]
[SourceDate "2024.03.13"]
[SourceVersion "1"]
[SourceVersionDate "2024.03.13"]
[SourceQuality "1"]

1. e4 c6 2. d4 d5 3. e5 Bf5 4. Nd2 e6 5. Nb3 Nd7 6. Nf3 h6 7. Be3 Ne7 8. Be2 Bh7 9. 0-0 Nf5 10. Bd2 Be7 11. g4 Nh4 12. Nxh4 Bxh4 13. f4 a5 14. a4 Qb6 15. Be3 f5 16. exf6 gxf6 17. Bd3 Bxd3 18. Qxd3 Rg8 19. Kh1 Qc7 20. Rg1 e5 21. Qf5 0-0-0 22. Raf1 Qb6 23. Bd2 exf4 24. Bxa5 Qa6 25. Bxd8 Rxd8 26. Nc5 Qc4 27. Rxf4 b6 28. b3 Qe2 29. Qd3 Re8 30. Nxd7 Kxd7 31. Qf5+ Kc7 32. Rff1 Re7 33. Qf4+ Kb7 34. Rg2 Qe4 35. Qxe4 Rxe4 36. Rd1 Ka6 37. b4 Be1 38. Rb1 1/2-1/2

[Event "Marseille op 16th"]
[Site "Marseille"]
[Date "2023.12.30"]
[Round "4"]
[White "Avanesyan, David"]
[Black "Lamard, Guillaume"]
[Result "1/2-1/2"]
[WhiteElo "2142"]
[BlackElo "2497"]
[PlyCount "61"]
[EventDate "2023.12.30"]
[EventType "swiss"]
[EventRounds "9"]
[EventCountry "FRA"]
[SourceTitle "CB01_2024"]
[SourceDate "2024.01.03"]
[SourceVersion "1"]
[SourceVersionDate "2024.01.03"]
[SourceQuality "1"]

1. e4 e5 2. Nf3 Nc6 3. Be2 Nf6 4. Nc3 d5 5. exd5 Nxd5 6. Bb5 Nxc3 7. bxc3 Bd6 8. d4 exd4 9. cxd4 0-0 10. 0-0 h6 11. h3 Qf6 12. Bb2 Nb4 13. c4 a6 14. Ba4 b5 15. Bb3 Bb7 16. a3 Bxf3 17. Qxf3 Qxf3 18. gxf3 Nd3 19. Bc1 Nxc1 20. Rfxc1 bxc4 21. Bxc4 a5 22. Bb5 Rfd8 23. a4 Bf4 24. Rc4 Rd5 25. Re1 Rad8 26. Re8+ Rxe8 27. Bxe8 Kf8 28. Bc6 Rg5+ 29. Kh1 Bd6 30. d5 Re5 31. Re4 1/2-1/2

[Event "Marseille op 16th"]
[Site "Marseille"]
[Date "2023.12.30"]
[Round "5"]
[White "Lamard, Guillaume"]
[Black "Bilych, Olexiy"]
[Result "1/2-1/2"]
[WhiteElo "2497"]
[BlackElo "2433"]
[PlyCount "101"]
[EventDate "2023.12.30"]
[EventType "swiss"]
[EventRounds "9"]
[EventCountry "FRA"]
[SourceTitle "CB01_2024"]
[SourceDate "2024.01.03"]
[SourceVersion "1"]
[SourceVersionDate "2024.01.03"]
[SourceQuality "1"]

1. d4 d5 2. c4 e6 3. Nf3 Nf6 4. g3 Bb4+ 5. Bd2 Be7 6. Bg2 0-0 7. Qc2 Nbd7 8. h4 c6 9. Nc3 dxc4 10. Rd1 b5 11. Ne5 Nxe5 12. dxe5 Nd5 13. Ne4 Bb7 14. Ng5 g6 15. Qc1 Qc7 16. h5 Bxg5 17. Bxg5 Qxe5 18. Rh4 f6 19. Bf4 Nxf4 20. gxf4 Qc7 21. Qe3 Rad8 22. Qxe6+ Qf7 23. Qxf7+ Kxf7 24. hxg6+ Kxg6 25. Rc1 f5 26. Rc3 h6 27. Rch3 Rh8 28. e4 Bc8 29. e5 Be6 30. Bxc6 b4 31. Bf3 Rh7 32. Bh5+ Kg7 33. Rg3+ Kf8 34. Rg6 Ke7 35. Bd1 h5 36. Rg5 c3 37. bxc3 bxc3 38. Rhxh5 Rxh5 39. Rxh5 Rd4 40. Rh3 Rxf4 41. Rxc3 Re4+ 42. Kd2 Bxa2 43. Ra3 Bd5 44. Rxa7+ Ke6 45. Bc2 Rf4 46. Ke3 Rf3+ 47. Ke2 Rc3 48. Bd3 Kxe5 49. Ra5 f4 50. Kd2 Rc7 51. f3 1/2-1/2

[Event "Marseille op 16th"]
[Site "Marseille"]
[Date "2023.12.30"]
[Round "9"]
[White "Petrossian, Armen"]
[Black "Lamard, Guillaume"]
[Result "0-1"]
[WhiteElo "2368"]
[BlackElo "2497"]
[PlyCount "112"]
[EventDate "2023.12.30"]
[EventType "swiss"]
[EventRounds "9"]
[EventCountry "FRA"]
[SourceTitle "CB01_2024"]
[SourceDate "2024.01.03"]
[SourceVersion "1"]
[SourceVersionDate "2024.01.03"]
[SourceQuality "1"]

1. e4 e5 2. Nf3 Nc6 3. Bb5 a6 4. Ba4 Nf6 5. 0-0 d6 6. c3 Bd7 7. Re1 g6 8. d4 Bg7 9. h3 0-0 10. Bc2 Nh5 11. Bg5 Qe8 12. Na3 b5 13. Bb1 h6 14. Be3 exd4 15. cxd4 Qc8 16. Qd2 Kh7 17. Nc2 Ne7 18. Nh2 f5 19. f3 c5 20. g4 f4 21. Bf2 Ng3 22. a4 bxa4 23. dxc5 dxc5 24. Na3 Bb5 25. Nxb5 axb5 26. Qd6 Nc6 27. e5 Qe8 28. Qxc5 Nxe5 29. Ra3 Rc8 30. Qd6 Rd8 31. Qb4 Qc6 32. Rc3 Nc4 33. Rd3 Rxd3 34. Bxd3 Rf7 35. h4 Ne5 36. Rxe5 Bxe5 37. h5 Kg7 38. hxg6 Rc7 39. Kg2 Qd5 40. Bf5 Nxf5 41. gxf5 h5 42. Nf1 Rd7 43. Bh4 Qc4 44. Qe1 Qd4 45. Kh3 b4 46. Nd2 Qe3 47. Nc4 Qxe1 48. Bxe1 Bf6 49. Bxb4 Rd4 50. Nd6 Rxb4 51. Ne8+ Kh6 52. Nxf6 Rxb2 53. Ng8+ Kg7 54. Ne7 a3 55. Kh4 a2 56. Kg5 Rg2+ 0-1

[Event "Sitges Sunway op 10th"]
[Site "Sitges"]
[Date "2023.12.21"]
[Round "9"]
[White "Kushko, Dmitriy"]
[Black "Lamard, Guillaume"]
[Result "1/2-1/2"]
[WhiteElo "2432"]
[BlackElo "2497"]
[PlyCount "81"]
[EventDate "2023.12.12"]
[EventType "swiss"]
[EventRounds "10"]
[EventCountry "ESP"]
[SourceTitle "CB52_2023"]
[SourceDate "2023.12.27"]
[SourceVersion "1"]
[SourceVersionDate "2023.12.27"]
[SourceQuality "1"]

1. Nf3 d5 2. e3 Nf6 3. c4 c6 4. Nc3 e6 5. b3 Bd6 6. Bb2 0-0 7. Be2 b6 8. 0-0 Bb7 9. d4 Nbd7 10. Qc2 Qe7 11. a4 a5 12. Rad1 Rad8 13. h3 Rfe8 14. Bd3 Nf8 15. e4 dxe4 16. Nxe4 Nxe4 17. Bxe4 f5 18. Bd3 c5 19. d5 exd5 20. Rfe1 Qc7 21. Rxe8 Rxe8 22. cxd5 Bxd5 23. Bc4 Bxc4 24. Qxc4+ Kh8 25. Ng5 Bh2+ 26. Kh1 h6 27. Nf3 Bf4 28. Qd5 Re2 29. Qxf5 Kg8 30. Bc3 Rxf2 31. Qd5+ Qf7 32. Qxf7+ Kxf7 33. Ne5+ Bxe5 34. Bxe5 Re2 35. Rf1+ Kg8 36. Bc7 Re6 37. Kh2 Rc6 38. Be5 c4 39. Rc1 Re6 40. Bd4 Rd6 41. Rxc4 1/2-1/2

[Event "Titled Tuesday intern op 26th Sep Early"]
[Site "Chess.com INT"]
[Date "2023.09.26"]
[Round "5"]
[White "Lamard, Guillaume"]
[Black "Deac, Bogdan Daniel"]
[Result "0-1"]
[WhiteElo "2520"]
[BlackElo "2702"]
[PlyCount "90"]
[EventDate "2023.09.26"]
[EventType "swiss (blitz)"]
[EventRounds "11"]
[EventCountry "USA"]
[SourceTitle "EXT 2024"]
[Source "ChessBase"]
[SourceDate "2023.10.10"]
[SourceVersion "1"]
[SourceVersionDate "2023.10.10"]
[SourceQuality "1"]

1. e4 c6 2. d4 d5 3. e5 Bf5 4. h4 h5 5. Bd3 Bxd3 6. Qxd3 e6 7. Nf3 Nh6 8. Bg5 Be7 9. Nbd2 Nf5 10. Nf1 c5 11. Ng3 Nxd4 12. Nxd4 cxd4 13. Qb5+ Nc6 14. Qxb7 Qc8 15. Qxc8+ Rxc8 16. 0-0-0 Bc5 17. f4 Bb6 18. a3 Kd7 19. Rhe1 Bc7 20. Ne2 Rcf8 21. Nxd4 Nxd4 22. Rxd4 Bb6 23. Rd3 f6 24. exf6 gxf6 25. f5 fxg5 26. fxe6+ Kc6 27. hxg5 Rhg8 28. Rf3 Re8 29. Rf5 d4 30. b4 Kd6 31. Rfe5 Re7 32. Kd2 Rg6 33. Kd3 Rgxe6 34. Rxe6+ Rxe6 35. Rxe6+ Kxe6 36. a4 Kd5 37. a5 Bd8 38. g6 Bf6 39. b5 Kc5 40. b6 axb6 41. a6 Kc6 42. Ke4 b5 43. Kf5 Bh8 44. Ke6 b4 45. Kf7 b3 0-1

[Event "Titled Tuesday intern op 26th Sep Early"]
[Site "Chess.com INT"]
[Date "2023.09.26"]
[Round "1"]
[White "Lamard, Guillaume"]
[Black "Haitin, Ilja"]
[Result "1-0"]
[WhiteElo "2520"]
[BlackElo "2284"]
[PlyCount "59"]
[EventDate "2023.09.26"]
[EventType "swiss (blitz)"]
[EventRounds "11"]
[EventCountry "USA"]
[SourceTitle "EXT 2024"]
[Source "ChessBase"]
[SourceDate "2023.10.10"]
[SourceVersion "1"]
[SourceVersionDate "2023.10.10"]
[SourceQuality "1"]

1. d4 e6 2. Nf3 Nf6 3. e3 b6 4. b3 Bb7 5. Bb2 d5 6. Nbd2 Bd6 7. Ne5 0-0 8. Bd3 Nbd7 9. f4 Ne4 10. Nxe4 dxe4 11. Bb5 Nxe5 12. fxe5 Bb4+ 13. c3 Be7 14. Qg4 a6 15. Be2 c5 16. 0-0 b5 17. Rad1 Qa5 18. a3 cxd4 19. exd4 Bd5 20. c4 bxc4 21. bxc4 Bc6 22. Bc1 Rad8 23. Bh6 g6 24. Bxf8 Bxf8 25. Qf4 Be8 26. Kh1 Qxa3 27. d5 Qb2 28. dxe6 Rxd1 29. exf7+ Kh8 30. Qf6+ 1-0

[Event "Titled Tuesday intern op 26th Sep Early"]
[Site "Chess.com INT"]
[Date "2023.09.26"]
[Round "6"]
[White "Marn, Jan"]
[Black "Lamard, Guillaume"]
[Result "0-1"]
[WhiteElo "2335"]
[BlackElo "2520"]
[PlyCount "72"]
[EventDate "2023.09.26"]
[EventType "swiss (blitz)"]
[EventRounds "11"]
[EventCountry "USA"]
[SourceTitle "EXT 2024"]
[Source "ChessBase"]
[SourceDate "2023.10.10"]
[SourceVersion "1"]
[SourceVersionDate "2023.10.10"]
[SourceQuality "1"]

1. Nf3 d5 2. b3 b6 3. Bb2 Bb7 4. g3 e6 5. Bg2 Nf6 6. 0-0 c5 7. d3 Nbd7 8. Nbd2 Bd6 9. c4 0-0 10. Qc2 d4 11. e3 e5 12. exd4 exd4 13. Rfe1 Qc7 14. Ne4 Nxe4 15. dxe4 Rae8 16. Nd2 g5 17. h3 h6 18. a3 Re6 19. b4 Rfe8 20. bxc5 bxc5 21. Rab1 Bc6 22. Bc1 f5 23. Bb2 f4 24. g4 f3 25. Bxf3 Ne5 26. Bg2 Rf8 27. Nf1 Nf3+ 28. Bxf3 Rxf3 29. Kg2 Qf7 30. Rbd1 Qf4 31. Qd2 Rxe4 32. Qxf4 Rexf4 33. Kg1 Rxf2 34. Re6 Rg2+ 35. Kh1 Rgxg4+ 36. Kh2 Rf2# 0-1

[Event "Barcelona Sants op 24th"]
[Site "Barcelona"]
[Date "2023.08.18"]
[Round "1"]
[White "Martinez Lopez, Carlos"]
[Black "Lamard, Guillaume"]
[Result "0-1"]
[WhiteElo "2050"]
[BlackElo "2526"]
[PlyCount "98"]
[EventDate "2023.08.18"]
[EventType "swiss"]
[EventRounds "10"]
[EventCountry "ESP"]
[SourceTitle "CBM 215 Extra"]
[Source "ChessBase"]
[SourceDate "2023.09.30"]
[SourceVersion "1"]
[SourceVersionDate "2023.09.30"]
[SourceQuality "1"]

1. e4 c5 2. Nf3 d6 3. d4 cxd4 4. Qxd4 Nc6 5. Qe3 g6 6. Be2 Bg7 7. 0-0 Nf6 8. h3 0-0 9. Rd1 Qb6 10. Nc3 Be6 11. Qf4 Rac8 12. Nd5 Bxd5 13. exd5 Ne5 14. Nxe5 dxe5 15. Qa4 Rfd8 16. c4 Ne4 17. Be3 Qxb2 18. Bf1 Nc3 19. Qxa7 Nxd1 20. Rxd1 Ra8 21. Qb6 e4 22. Qxb2 Bxb2 23. Rb1 Rxa2 24. c5 h5 25. g3 Be5 26. Bg2 Rxd5 27. Bxe4 Rd7 28. Bxb7 Rb2 29. Rxb2 Bxb2 30. c6 Rd1+ 31. Kg2 Be5 32. Bb6 Rb1 33. Be3 Bc7 34. g4 Kg7 35. gxh5 gxh5 36. Ba6 e5 37. Be2 Rb2 38. Bxh5 f5 39. Bg5 Bb6 40. Bh4 Rc2 41. Be8 e4 42. Kf1 f4 43. Ke1 f3 44. Kd1 e3 45. fxe3 f2 46. Bxf2 Rxf2 47. e4 Kf6 48. h4 Rf4 49. Kd2 Rxe4 0-1

[Event "Aix en Provence Imaweb 1st"]
[Site "Aix en Provence"]
[Date "2023.08.12"]
[Round "8"]
[White "Lamard, Guillaume"]
[Black "Oleksienko, Mikhailo"]
[Result "1/2-1/2"]
[WhiteElo "2526"]
[BlackElo "2592"]
[PlyCount "125"]
[EventDate "2023.08.07"]
[EventType "tourn"]
[EventRounds "9"]
[EventCountry "FRA"]
[EventCategory "13"]
[SourceTitle "CBM 215 Extra"]
[Source "ChessBase"]
[SourceDate "2023.09.30"]
[SourceVersion "1"]
[SourceVersionDate "2023.09.30"]
[SourceQuality "1"]

1. d4 Nf6 2. c4 e6 3. Nf3 d5 4. g3 Nc6 5. Bg2 Bd6 6. 0-0 0-0 7. b3 dxc4 8. bxc4 e5 9. c5 Be7 10. dxe5 Qxd1 11. Rxd1 Ne4 12. Ba3 Bxc5 13. Bxc5 Nxc5 14. Nc3 Rb8 15. Nd5 Ne6 16. Rd2 Rd8 17. Rad1 Kf8 18. h4 h6 19. Kf1 Na5 20. Ke1 Nc4 21. Rc2 b5 22. Nd2 Nd4 23. Rc3 Nxe5 24. Nxc7 Bg4 25. f3 Bf5 26. Rdc1 b4 27. Rc5 f6 28. g4 Bd7 29. Rd5 Nb5 30. Ne4 Rbc8 31. Rdc5 Nxc7 32. Nd6 Ne6 33. Rxc8 Bxc8 34. Nxc8 a5 35. Nb6 Rb8 36. Na4 b3 37. axb3 Rxb3 38. Ra1 g5 39. hxg5 hxg5 40. Bf1 Nc4 41. Rc1 Ne3 42. Rc6 Kf7 43. Kf2 Ra3 44. Nb2 Nf4 45. Nc4 Nxc4 46. Rxc4 Nd5 47. e4 Ra2+ 48. Kg1 Ne3 49. Rc3 Nxf1 50. Kxf1 Ke6 51. Rc6+ Ke5 52. Rc5+ Kd4 53. Rc6 a4 54. Rxf6 a3 55. Ra6 Ke3 56. e5 Kxf3 57. Ke1 Re2+ 58. Kf1 Ra2 59. Ke1 Re2+ 60. Kf1 Rxe5 61. Rxa3+ Kxg4 62. Kg1 Kh4 63. Ra1 1/2-1/2

[Event "Aix en Provence Imaweb 1st"]
[Site "Aix en Provence"]
[Date "2023.08.11"]
[Round "6"]
[White "Lamard, Guillaume"]
[Black "Boyer, Mahel"]
[Result "1/2-1/2"]
[WhiteElo "2526"]
[BlackElo "2476"]
[PlyCount "111"]
[EventDate "2023.08.07"]
[EventType "tourn"]
[EventRounds "9"]
[EventCountry "FRA"]
[EventCategory "13"]
[SourceTitle "CBM 215 Extra"]
[Source "ChessBase"]
[SourceDate "2023.09.30"]
[SourceVersion "1"]
[SourceVersionDate "2023.09.30"]
[SourceQuality "1"]

1. c4 e6 2. g3 d5 3. Bg2 d4 4. Nf3 Nc6 5. 0-0 Bc5 6. d3 Nge7 7. Nbd2 a5 8. Nb3 Bb6 9. a4 0-0 10. Bd2 e5 11. Rc1 Ra6 12. Qe1 Re8 13. c5 Be6 14. Qd1 Ba7 15. Re1 Nd5 16. Ng5 Bf5 17. Ne4 h6 18. e3 dxe3 19. Bxe3 Ncb4 20. Bf1 Qd7 21. c6 Rxc6 22. Bxa7 b6 23. Rc4 Ra8 24. Nxa5 bxa5 25. Bc5 Rd8 26. Qc1 Nb6 27. Bxb6 cxb6 28. Rxc6 Nxc6 29. Bg2 Nb4 30. Qc3 Nxd3 31. Rf1 Qd4 32. Qc6 Nxb2 33. Nc3 Rc8 34. Nb5 Rxc6 35. Nxd4 exd4 36. Bxc6 Bc2 37. Re1 g6 38. Re8+ Kg7 39. Rd8 d3 40. Kf1 Nxa4 41. Bxa4 Bxa4 42. Ke1 Bc2 43. Rb8 a4 44. Rxb6 Kf8 45. Kd2 Ke7 46. Ra6 Kd7 47. Kc3 Ke7 48. g4 f6 49. h4 g5 50. hxg5 hxg5 51. Kd2 Kf7 52. Kc3 Ke7 53. Kd2 Kf7 54. Kc3 Ke7 55. Kd2 Kf7 56. Kc3 1/2-1/2

[Event "Aix en Provence Imaweb 1st"]
[Site "Aix en Provence"]
[Date "2023.08.10"]
[Round "5"]
[White "Lamard, Guillaume"]
[Black "Girel, Joseph"]
[Result "1/2-1/2"]
[WhiteElo "2526"]
[BlackElo "2462"]
[PlyCount "89"]
[EventDate "2023.08.07"]
[EventType "tourn"]
[EventRounds "9"]
[EventCountry "FRA"]
[EventCategory "13"]
[SourceTitle "CBM 215 Extra"]
[Source "ChessBase"]
[SourceDate "2023.09.30"]
[SourceVersion "1"]
[SourceVersionDate "2023.09.30"]
[SourceQuality "1"]

1. c4 e5 2. Nc3 Bb4 3. Nd5 Be7 4. d4 d6 5. e4 Nf6 6. Nxe7 Qxe7 7. f3 Nfd7 8. d5 a5 9. Bd3 Nc5 10. Ne2 0-0 11. Ng3 Nba6 12. Be3 Bd7 13. 0-0 Rab8 14. Rf2 b5 15. cxb5 Bxb5 16. Bc2 a4 17. Nf5 Qd7 18. Qd2 f6 19. b4 axb3 20. axb3 Ra8 21. Rb1 Kh8 22. f4 Qe8 23. fxe5 fxe5 24. b4 Nd7 25. h3 Nab8 26. Qc3 Qd8 27. Bd3 Bxd3 28. Qxd3 Nf6 29. Rc2 Ra4 30. Ng3 Nbd7 31. Qc3 Qb8 32. Qxc7 Rxb4 33. Qxb8 Rbxb8 34. Rxb8 Rxb8 35. Rc6 Ne8 36. Nf5 Ndf6 37. Nxd6 Nxd6 38. Rxd6 Nxe4 39. Re6 Nf6 40. d6 Rb1+ 41. Kh2 Rd1 42. Bg5 Kg8 43. Bxf6 Kf7 44. Rxe5 Kxf6 45. Re2 1/2-1/2

[Event "Aix en Provence Imaweb 1st"]
[Site "Aix en Provence"]
[Date "2023.08.09"]
[Round "3"]
[White "Lamard, Guillaume"]
[Black "Karthikeyan, Murali"]
[Result "1/2-1/2"]
[WhiteElo "2526"]
[BlackElo "2618"]
[PlyCount "82"]
[EventDate "2023.08.07"]
[EventType "tourn"]
[EventRounds "9"]
[EventCountry "FRA"]
[EventCategory "13"]
[SourceTitle "CBM 215 Extra"]
[Source "ChessBase"]
[SourceDate "2023.09.30"]
[SourceVersion "1"]
[SourceVersionDate "2023.09.30"]
[SourceQuality "1"]

1. e4 e5 2. Nf3 Nc6 3. Bc4 Nf6 4. d3 h6 5. 0-0 d6 6. c3 g5 7. Nbd2 Bg7 8. Bb3 0-0 9. h3 Be6 10. Bxe6 fxe6 11. b4 Ne7 12. Re1 Ng6 13. Nf1 Qe8 14. N1h2 a5 15. a4 b5 16. axb5 Qxb5 17. bxa5 Rxa5 18. Rxa5 Qxa5 19. Qb3 Re8 20. d4 d5 21. exd5 e4 22. Nd2 exd5 23. g3 Kh8 24. Ndf1 Qa6 25. Ng4 Qe6 26. Nfe3 c6 27. Nxf6 Bxf6 28. Kh2 Bg7 29. Ba3 Bf8 30. Re2 h5 31. c4 dxc4 32. Qc3 Bxa3 33. Qxa3 Nf4 34. gxf4 gxf4 35. Qc5 fxe3 36. Qxh5+ Kg8 37. fxe3 Re7 38. Qg4+ Qxg4 39. hxg4 Rf7 40. Rc2 Rf3 41. Rxc4 Rxe3 1/2-1/2

[Event "La Plagne Soleil op"]
[Site "La Plagne"]
[Date "2023.07.09"]
[Round "2"]
[White "Luch, Michal"]
[Black "Lamard, Guillaume"]
[Result "0-1"]
[WhiteElo "2346"]
[BlackElo "2523"]
[PlyCount "34"]
[EventDate "2023.07.08"]
[EventType "swiss"]
[EventRounds "9"]
[EventCountry "FRA"]
[SourceTitle "CBM 215 Extra"]
[Source "ChessBase"]
[SourceDate "2023.09.30"]
[SourceVersion "1"]
[SourceVersionDate "2023.09.30"]
[SourceQuality "1"]

1. d4 d5 2. c4 c6 3. Nf3 Nf6 4. Qc2 dxc4 5. Qxc4 Bf5 6. g3 e6 7. Bg2 Be7 8. 0-0 0-0 9. Nbd2 a5 10. e3 Nbd7 11. Qe2 Bg6 12. Nc4 Bh5 13. Qc2 a4 14. Nfe5 Nxe5 15. Nxe5 Nd7 16. Nc4 b5 17. Na3 Rc8 0-1

[Event "Titled Tuesday intern op 27th Jun Late"]
[Site "Chess.com INT"]
[Date "2023.06.27"]
[Round "7"]
[White "Jimenez Almeida, Luis David"]
[Black "Lamard, Guillaume"]
[Result "1-0"]
[WhiteElo "2242"]
[BlackElo "2523"]
[PlyCount "65"]
[EventDate "2023.06.27"]
[EventType "swiss (blitz)"]
[EventRounds "11"]
[EventCountry "USA"]
[SourceTitle "EXT 2024"]
[Source "ChessBase"]
[SourceDate "2023.10.10"]
[SourceVersion "1"]
[SourceVersionDate "2023.10.10"]
[SourceQuality "1"]

1. e4 c5 2. Nc3 d6 3. Nge2 Nf6 4. d4 cxd4 5. Nxd4 a6 6. Bg5 e6 7. f4 Qc7 8. Qf3 Nc6 9. 0-0-0 Nxd4 10. Rxd4 Be7 11. h4 h6 12. Bxf6 Bxf6 13. Rd3 b5 14. g4 Bb7 15. Kb1 Rc8 16. Rh2 b4 17. Nd1 a5 18. Rhd2 d5 19. exd5 Bxd5 20. Rxd5 exd5 21. g5 Be7 22. Bb5+ Kf8 23. g6 fxg6 24. Ne3 Bf6 25. Nxd5 Qd6 26. Bd3 Rd8 27. Bxg6 Bxb2 28. h5 Bf6 29. Qe2 Bc3 30. Rd3 Qc5 31. Qg2 Rc8 32. Qg4 Rd8 33. Qg2 1-0

[Event "Titled Tuesday intern op 27th Jun Late"]
[Site "Chess.com INT"]
[Date "2023.06.27"]
[Round "6"]
[White "Lamard, Guillaume"]
[Black "Dardha, Daniel"]
[Result "0-1"]
[WhiteElo "2523"]
[BlackElo "2619"]
[PlyCount "124"]
[EventDate "2023.06.27"]
[EventType "swiss (blitz)"]
[EventRounds "11"]
[EventCountry "USA"]
[SourceTitle "EXT 2024"]
[Source "ChessBase"]
[SourceDate "2023.10.10"]
[SourceVersion "1"]
[SourceVersionDate "2023.10.10"]
[SourceQuality "1"]

1. d4 Nf6 2. c4 c5 3. d5 a6 4. Qc2 b5 5. e4 d6 6. Nf3 g6 7. b3 Bg7 8. Bb2 0-0 9. Bd3 e5 10. Nbd2 b4 11. a3 Nbd7 12. 0-0 a5 13. g3 Ng4 14. h3 Nh6 15. Nh4 Nb6 16. axb4 axb4 17. Rxa8 Nxa8 18. Kg2 f5 19. exf5 gxf5 20. f4 e4 21. Be2 Bd7 22. Ra1 Nb6 23. Bxg7 Kxg7 24. Qb2+ Kg8 25. Nf1 Qe7 26. Ra6 Nc8 27. Ne3 Qg7 28. Qxg7+ Kxg7 29. Bh5 Rf6 30. Ra8 Kf8 31. Rb8 Ke7 32. Rb7 Kd8 33. g4 fxg4 34. hxg4 Rxf4 35. Kg3 Rf8 36. g5 Nf7 37. Bg4 Bxg4 38. Kxg4 Ne5+ 39. Kh5 Rf7 40. Rxf7 Nxf7 41. g6 hxg6+ 42. Kxg6 Ne5+ 43. Kf5 Nd3 44. Nc2 e3 45. Ke4 Nc1 46. Na1 e2 47. Nf3 Ne7 48. Ke3 Nf5+ 49. Kd2 Nd4 50. Nxd4 cxd4 51. Nc2 d3 52. Nxb4 Nxb3+ 53. Ke1 Nc5 54. Kd2 Ke7 55. Na2 Kf6 56. Nc3 Ke5 57. Nb5 Ne4+ 58. Ke1 Kf4 59. Nxd6 Nxd6 60. c5 Ne4 61. c6 Ke3 62. d6 d2# 0-1

[Event "Titled Tuesday intern op 27th Jun Late"]
[Site "Chess.com INT"]
[Date "2023.06.27"]
[Round "5"]
[White "Lamard, Guillaume"]
[Black "Taranenko, Evgueniy"]
[Result "1-0"]
[WhiteElo "2523"]
[BlackElo "2201"]
[PlyCount "91"]
[EventDate "2023.06.27"]
[EventType "swiss (blitz)"]
[EventRounds "11"]
[EventCountry "USA"]
[SourceTitle "EXT 2024"]
[Source "ChessBase"]
[SourceDate "2023.10.10"]
[SourceVersion "1"]
[SourceVersionDate "2023.10.10"]
[SourceQuality "1"]

1. d4 f5 2. Nf3 Nf6 3. Bf4 d6 4. e3 g6 5. h3 Bg7 6. Be2 0-0 7. 0-0 c6 8. c4 h6 9. Bh2 Nbd7 10. Nc3 Qe8 11. b4 e5 12. Rc1 g5 13. dxe5 dxe5 14. c5 f4 15. Nd2 Qg6 16. Nc4 a5 17. bxa5 Nxc5 18. Nxe5 Qf5 19. Bc4+ Kh7 20. exf4 gxf4 21. Re1 Rxa5 22. Qf3 Be6 23. Nxc6 bxc6 24. Rxe6 Ra3 25. Rxc6 Nce4 26. Bd3 Re8 27. Rxf6 Qxf6 28. Nxe4 Qd4 29. Nf6+ Kh8 30. Nxe8 Rxd3 31. Qe2 Be5 32. Re1 Bb8 33. Kh1 Rd2 34. Qe6 Kh7 35. Nf6+ Kg6 36. Ne4+ Kg7 37. Nxd2 Qxd2 38. Qe7+ Kg8 39. Qe8+ Kg7 40. Re7+ Kf6 41. Qf7+ Kg5 42. Qg7+ Kf5 43. Qg4+ Kf6 44. Re6+ Kf7 45. Qg6+ Kf8 46. Re8# 1-0